[Event "AUTO-MASTER-553"]
[Site "http://www.queenalice.com/game.php?id=424191"]
[Date "2008.6.27"]
[Round "1"]
[White "Ze_Pereira"]
[Black "pajabraba69"]
[Result "1-0"]
[WhiteElo "1954"]
[BlackElo "1929"]

1. d4 Nf6 2. c4 g6 3. Nc3 Bg7 4. e4 d6 5. Nf3 O-O 6. Be2 c5 7. d5 e5 8. a3 Ne8
9. O-O f5 10. b4 fxe4 11. Nxe4 Bf5 12. Bd3 Nf6 13. Bg5 Bxe4 14. Bxe4 Qb6 15.
Bxf6 Bxf6 16. Rb1 Nd7 17. Qd2 Qd8 18. Qd3 Qe7 19. Rb2 b6 20. Rfb1 Rab8 21. b5
Rf7 22. a4 Bg7 23. h4 Rbf8 24. Ng5 Rf6 25. Ne6 R8f7 26. a5 Nf8 27. Ng5 Bh6 28.
Nxf7 Qxf7 29. axb6 axb6 30. Ra1 Rf4 31. g3 Rf6 32. Rba2 Nd7 33. f3 Bf8 34. Ra7
Qg7 35. Rb7 Rf7 36. Raa7 Re7 37. Qa3 Nf6 38. Rxe7 Bxe7 39. Qa6 Nxe4 40. fxe4 Qf6
41. Kg2 Bd8 42. Qb7 Kf8 43. Qxh7 Ke8 44. Qg8+ 1-0

[Event "AUTO-ADV-991"]
[Site "http://www.queenalice.com/game.php?id=442580"]
[Date "2008.8.2"]
[Round "1"]
[White "zemaria"]
[Black "Ze_Pereira"]
[Result "0-1"]
[WhiteElo "1796"]
[BlackElo "1996"]

1. e4 c6 2. d4 d5 3. e5 Bf5 4. Bd3 Bxd3 5. Qxd3 e6 6. Nf3 Nd7 7. a3 c5 8. Be3
Ne7 9. dxc5 Nc6 10. b4 Ndxe5 11. Nxe5 Nxe5 12. Qb5+ Qd7 13. Qe2 Be7 14. Bd4 f6
15. Nd2 O-O 16. O-O-O Nc6 17. Bb2 b6 18. Nb3 e5 19. Qe3 Rfd8 20. Rhe1 bxc5 21.
Nxc5 Bxc5 22. Qxc5 Rac8 23. Rd2 Nd4 24. Bxd4 Rxc5 25. Bxc5 a6 26. g3 Qb5 27. c3
Qc4 28. Kb2 a5 29. Ka1 Qxc3+ 0-1

[Event "AUTO-ADV-991"]
[Site "http://www.queenalice.com/game.php?id=442581"]
[Date "2008.8.2"]
[Round "1"]
[White "Ze_Pereira"]
[Black "zemaria"]
[Result "1-0"]
[WhiteElo "1969"]
[BlackElo "1801"]

1. d4 d5 2. c4 dxc4 3. Nc3 e6 4. e4 Nf6 5. Bxc4 Bb4 6. Bg5 h6 7. Bxf6 Qxf6 8.
Ne2 Qg6 9. Ng3 a6 10. O-O c6 11. e5 Nd7 12. Bd3 Qg5 13. Nce4 Qe7 14. a3 Ba5 15.
Nd6+ Kd8 16. b4 Bb6 17. Bc4 Bc7 18. Nge4 Bxd6 19. Nxd6 Nb6 20. Qf3 Nxc4 21. Nxc4
Kc7 22. Rfc1 f6 23. Na5 Bd7 24. d5 exd5 25. exf6 gxf6 26. Qxd5 Be6 27. Nxc6 Qd6
28. Ne5+ 1-0

[Event "AUTO-ADV-991"]
[Site "http://www.queenalice.com/game.php?id=442596"]
[Date "2008.8.2"]
[Round "1"]
[White "vitski"]
[Black "Ze_Pereira"]
[Result "0-1"]
[WhiteElo "1700"]
[BlackElo "1946"]

1. e4 c6 2. Nf3 d5 3. exd5 cxd5 4. d4 Bg4 5. Be2 e6 6. O-O Nf6 7. Bg5 Be7 8. c3
O-O 9. Bd3 Nbd7 10. Re1 h6 11. Bh4 Qb6 12. b4 Rac8 13. Be2 g5 14. Bg3 Ne4 15.
Ne5 Bxe2 16. Qxe2 Ndf6 17. Qb2 Nxg3 18. hxg3 Ne4 19. Nd7 Qc6 20. Nxf8 Bxf8 21.
a3 Bg7 22. Rc1 Bxd4 23. Rf1 Nxc3 24. Qd2 Ne2+ 25. Qxe2 Bxa1 26. Nd2 Bg7 27. Nf3
a6 28. Rb1 Qc2 29. Qxc2 Rxc2 30. b5 Rb2 31. Rxb2 Bxb2 32. bxa6 bxa6 33. a4 Bc3
34. Kf1 Kf8 35. Ke2 Ke7 36. Kd3 Bg7 37. Nd2 Kd6 38. Kc2 Kc5 39. g4 Kb4 40. f3
Kxa4 41. Nb3 Kb4 42. Nc1 a5 43. Ne2 a4 44. Kb1 Kb3 45. f4 gxf4 46. Nxf4 a3 0-1

[Event "AUTO-ADV-991"]
[Site "http://www.queenalice.com/game.php?id=442597"]
[Date "2008.8.2"]
[Round "1"]
[White "Ze_Pereira"]
[Black "vitski"]
[Result "0-1"]
[WhiteElo "2006"]
[BlackElo "1760"]

1. d4 Nf6 2. c4 e5 3. dxe5 Ng4 4. Nf3 Nc6 5. Nc3 Bc5 6. e3 Ngxe5 7. Be2 O-O 8.
O-O d6 9. a3 a6 10. b4 Ba7 11. Bb2 Nxf3+ 12. Bxf3 Ne5 13. Be2 Qh4 14. Qb3 Bg4
15. Bxg4 Nxg4 16. h3 Ne5 17. Nd5 Qxc4 18. Qxc4 Nxc4 19. Bc3 Bb8 20. Ne7+ Kh8 21.
Nf5 f6 22. Rfd1 Ne5 23. Nd4 Ba7 24. Ne6 Rf7 25. Rac1 c6 26. Bxe5 dxe5 27. Rd6
Re7 28. Rcd1 Bb6 29. Nc5 Bxc5 30. bxc5 Rae8 31. Rd7 Kg8 32. e4 Kf7 33. a4 Rb8
34. a5 Ke8 35. R7d6 Rc7 36. g3 Ke7 37. f4 exf4 38. gxf4 Ke8 39. Kf2 Rcc8 40. Ke3
Rd8 41. e5 fxe5 42. fxe5 Ke7 43. Ke4 g6 44. R1d3 Rbc8 45. Rb3 Rc7 46. h4 Rf8 47.
Rf3 Rxf3 48. Kxf3 Ke8 49. e6 Ke7 50. Kf4 Kf6 51. Kg3 Re7 52. Kg4 Rxe6 53. Rxe6+
Kxe6 54. Kg5 Kd5 55. Kh6 Kxc5 56. Kxh7 Kb5 57. Kxg6 c5 58. h5 c4 59. h6 c3 60.
h7 c2 61. h8=Q c1=Q 62. Qe5+ Qc5 63. Qe1 Qb4 64. Qe5+ Qc5 65. Qe1 Kc6 66. Qe8+
Kc7 67. Qf7+ Kc6 68. Qe8+ Kc7 69. Qf7+ Kb8 70. Qf4+ Ka7 71. Qd2 Qc6+ 72. Kf5 Kb8
73. Ke5 Kc7 74. Qb4 Qe8+ 75. Kd4 Qd7+ 76. Kc3 Qh3+ 77. Kb2 Qg2+ 78. Kb3 Qf3+ 79.
Ka4 Qd1+ 80. Ka3 Qa1+ 81. Kb3 Qb1+ 82. Kc4 Qxb4+ 83. Kxb4 Kd6 0-1

[Event "AUTO-ADV-991"]
[Site "http://www.queenalice.com/game.php?id=442608"]
[Date "2008.8.2"]
[Round "1"]
[White "Ze_Pereira"]
[Black "Silver_Mosquito"]
[Result "1/2-1/2"]
[WhiteElo "1952"]
[BlackElo "2002"]

1. d4 d5 2. c4 c6 3. Nc3 Nf6 4. Nf3 e6 5. Bg5 dxc4 6. a4 h6 7. Bxf6 Qxf6 8. e3
Bb4 9. Bxc4 Nd7 10. O-O O-O 11. Ne4 Qe7 12. b3 c5 13. Qc2 b6 14. d5 exd5 15.
Bxd5 Rb8 16. Rad1 Nf6 17. Nxf6+ Qxf6 18. Nd2 Bf5 19. Qc4 Rbd8 20. Ne4 Qg6 21.
Ng3 Rfe8 22. e4 Bc8 23. Rd3 Bg4 24. f3 Be6 25. Rfd1 Bxd5 26. exd5 Re1+ 27. Rxe1
Bxe1 28. Ne4 f5 29. d6+ Kh7 30. Nf2 Bxf2+ 31. Kxf2 Rxd6 32. g3 Qf6 33. Qc2 Kg6
34. Rxd6 Qxd6 35. h4 Qd4+ 36. Kg2 Kf6 37. h5 a6 38. g4 Qe5 39. Qd3 Kg5 40. Qd2+
f4 41. Qd8+ Qf6 42. Qd5+ Kh4 43. Qd2 Qe7 44. Qf2+ Kg5 45. Qd2 Qf6 46. Qd5+ Kh4
47. Qd2 Qe6 48. Qd8+ Qf6 49. Qd2 Qe7 50. Qf2+ Kg5 51. Qd2 Kh4 1/2-1/2

[Event "AUTO-ADV-991"]
[Site "http://www.queenalice.com/game.php?id=442609"]
[Date "2008.8.2"]
[Round "1"]
[White "Silver_Mosquito"]
[Black "Ze_Pereira"]
[Result "1-0"]
[WhiteElo "1796"]
[BlackElo "1969"]

1. d4 Nf6 2. c4 g6 3. Nc3 d5 4. Bf4 Bg7 5. Rc1 c6 6. e3 O-O 7. Nf3 Bg4 8. h3 Bf5
9. Qb3 Qc8 10. cxd5 cxd5 11. Be2 Be6 12. O-O Nc6 13. Nb5 Qd7 14. Nc7 b6 15. Nxa8
Rxa8 16. Bb5 Rc8 17. Ne5 Qe8 18. Nxc6 Bd7 19. Nxa7 Rxc1 20. Rxc1 e6 21. Qa4 Bxb5
22. Qxb5 Qxb5 23. Nxb5 Ne4 24. Rc8+ Bf8 25. Bh6 1-0

[Event "AUTO-ADV-1033"]
[Site "http://www.queenalice.com/game.php?id=461316"]
[Date "2008.9.10"]
[Round "1"]
[White "Ze_Pereira"]
[Black "reibas"]
[Result "1-0"]
[WhiteElo "1947"]
[BlackElo "1697"]

1. d4 d5 2. c4 Bf5 3. Nc3 dxc4 4. e4 Bxe4 5. Nxe4 Qd5 6. Nc3 Qd8 7. Bxc4 e6 8.
Nf3 h6 9. O-O Bd6 10. Ne5 Bxe5 11. dxe5 Nc6 12. Bb5 Qxd1 13. Rxd1 Ne7 14. Bxc6+
Nxc6 15. Nb5 O-O 16. Bf4 g5 17. Bg3 Nb4 18. Nxc7 Rac8 19. Rd7 Nd5 20. Nxd5 Rc2
21. Ne7+ Kh7 22. Rxb7 Rd8 23. Rxa7 Rcd2 24. h4 gxh4 25. Bxh4 Rxb2 26. Nc6 Rd5
27. Rxf7+ Kg6 28. Rf6+ Kh5 29. g3 Kg4 30. Kg2 Rdd2 31. Ne7 Kh5 32. Ng8 Rxf2+ 33.
Rxf2 Rb5 34. Kh3 Rxe5 35. Rf6 1-0

[Event "AUTO-ADV-1033"]
[Site "http://www.queenalice.com/game.php?id=461317"]
[Date "2008.9.10"]
[Round "1"]
[White "reibas"]
[Black "Ze_Pereira"]
[Result "1-0"]
[WhiteElo "1720"]
[BlackElo "1940"]

1. e4 c6 2. d4 d5 3. e5 Bf5 4. Bd3 Bxd3 5. Qxd3 e6 6. Nf3 Nd7 7. O-O Ne7 8. Bg5
Qb6 9. b3 c5 10. a4 Nc6 11. Qb5 cxd4 12. Rd1 Bc5 13. Qxb6 axb6 14. c3 dxc3 15.
Nxc3 Ndxe5 16. Nxe5 Nxe5 17. Nb5 O-O 18. Ra2 Rfc8 19. h4 h6 20. Be3 Ng4 21. Re2
f5 22. Bxc5 bxc5 23. Rxe6 Nf6 24. f3 Re8 25. Rde1 Rxe6 26. Rxe6 Re8 27. Rb6 d4
28. Rxb7 d3 29. Nc3 d2 30. a5 Nd5 31. Nxd5 d1=Q+ 32. Kh2 Qxd5 33. a6 Qxb7 34.
axb7 Rb8 35. g4 fxg4 36. fxg4 Rxb7 37. h5 1-0

[Event "AUTO-ADV-1033"]
[Site "http://www.queenalice.com/game.php?id=461320"]
[Date "2008.9.10"]
[Round "1"]
[White "Ze_Pereira"]
[Black "minimindy"]
[Result "1-0"]
[WhiteElo "1950"]
[BlackElo "1726"]

1. d4 c6 2. c4 d5 3. Nc3 Nf6 4. Nf3 e6 5. Bg5 Nbd7 6. e3 Bb4 7. Bd3 dxc4 8. Bxc4
b5 9. Bd3 Bb7 10. O-O O-O 11. Qc2 h6 12. Bh4 a6 13. Ne5 Be7 14. Rad1 1-0

[Event "AUTO-ADV-1033"]
[Site "http://www.queenalice.com/game.php?id=461321"]
[Date "2008.9.10"]
[Round "1"]
[White "minimindy"]
[Black "Ze_Pereira"]
[Result "0-1"]
[WhiteElo "1719"]
[BlackElo "1957"]

1. e4 c6 2. d4 d5 3. e5 Bf5 4. Nf3 e6 5. Be2 Nd7 6. Bg5 Qb6 7. b3 Ne7 8. O-O c5
9. c3 Nc6 10. Re1 cxd4 11. Nxd4 Nxd4 12. Qxd4 Bc5 13. Qh4 Nxe5 14. b4 Bd6 15.
Be3 Qc7 0-1

[Event "Challenge"]
[Site "http://www.queenalice.com/game.php?id=480551"]
[Date "2008.10.21"]
[Round "-"]
[White "Magico"]
[Black "Ze_Pereira"]
[Result "1-0"]
[WhiteElo "1637"]
[BlackElo "1980"]

1. d4 Nf6 2. c3 g6 3. Bg5 Ne4 4. Bc1 Bg7 5. Nd2 Nf6 6. Qc2 d5 7. e3 O-O 8. e4
dxe4 9. Nxe4 Bf5 10. Nxf6+ Bxf6 11. Qb3 Qc8 12. Bh6 Re8 13. Bd2 c5 14. Bc4 e6
15. Nf3 Nc6 16. Bb5 Rd8 17. Bxc6 Qxc6 18. Bg5 Bxg5 19. a4 Bf6 20. O-O cxd4 21.
cxd4 Bxd4 22. h4 Bf6 23. a5 Rd3 24. Qa2 Rad8 25. Rac1 Qb5 26. Rfe1 Qxb2 27. Qxb2
Bxb2 28. Ne5 Bxe5 29. Rxe5 Rd1+ 30. Rxd1 Rxd1+ 31. Kh2 Rd5 32. Re1 Rxa5 33. Re3
b5 34. Rb3 a6 35. Kg1 Ra1+ 36. Kh2 Ra4 37. g3 b4 38. Kg2 Bc2 39. Rb2 b3 40. Kh3
1-0

[Event "AUTO-MASTER-663"]
[Site "http://www.queenalice.com/game.php?id=493370"]
[Date "2008.11.14"]
[Round "1"]
[White "salva9001"]
[Black "Ze_Pereira"]
[Result "1-0"]
[WhiteElo "2020"]
[BlackElo "1915"]

1. Nf3 Nf6 2. c4 g6 3. Nc3 Bg7 4. g3 b6 5. Bg2 Bb7 6. O-O O-O 7. d4 d5 8. Ne5 e6
9. Bg5 Nbd7 10. Rc1 Qc8 11. cxd5 Nxd5 12. Nxd5 exd5 13. Nc6 Bxc6 14. Rxc6 Nb8
15. Bxd5 Nxc6 16. Bxc6 Rb8 17. Be7 Re8 18. Bxe8 Qxe8 19. Bb4 c5 20. dxc5 bxc5
21. Bxc5 Rxb2 22. Bxa7 Rxa2 23. Be3 Ra1 24. Bc1 Qa8 25. Qc2 Bf6 26. Rd1 Kg7 27.
Be3 Rxd1+ 28. Qxd1 Qa1 29. Qxa1 Bxa1 30. Bg5 h6 31. Be7 f6 32. Bc5 Kf7 33. f4 f5
34. Kf2 g5 35. fxg5 1-0

[Event "AUTO-MASTER-663"]
[Site "http://www.queenalice.com/game.php?id=493371"]
[Date "2008.11.14"]
[Round "1"]
[White "Ze_Pereira"]
[Black "salva9001"]
[Result "0-1"]
[WhiteElo "1903"]
[BlackElo "2032"]

1. d4 Nf6 2. c4 e6 3. Nc3 Bb4 4. Bg5 c5 5. Bxf6 Qxf6 6. Nf3 Nc6 7. e3 O-O 8. Bd3
d5 9. O-O dxc4 10. Bxc4 Rd8 11. a3 cxd4 12. exd4 Ba5 13. Ne4 Qf4 14. Qd3 Bb6 15.
Qe3 Qf5 16. Rfd1 e5 17. Nfg5 Be6 18. Nxe6 fxe6 19. Ng3 Qg6 20. Qb3 Nxd4 21. Qd3
Qf6 22. Qe4 Rac8 23. b3 Nc6 24. Qe2 Kh8 25. Ne4 Qg6 26. Ng3 Bd4 27. Rd3 Na5 28.
Rad1 Nxc4 0-1

[Event "AUTO-MASTER-663"]
[Site "http://www.queenalice.com/game.php?id=493388"]
[Date "2008.11.14"]
[Round "1"]
[White "Ze_Pereira"]
[Black "mandaragit"]
[Result "0-1"]
[WhiteElo "1950"]
[BlackElo "2269"]

1. d4 Nf6 2. c4 g6 3. Nc3 Bg7 4. e4 d6 5. Nf3 O-O 6. Be2 c5 7. d5 e6 8. O-O exd5
9. exd5 Bg4 10. Qc2 Nbd7 11. Bf4 Ne8 12. Nb5 Bxf3 13. Bxf3 Ne5 14. Be2 a6 15.
Nc3 f5 16. Rad1 g5 17. Bc1 f4 18. f3 h5 19. Ne4 h4 20. Nf2 b5 21. b3 bxc4 22.
bxc4 Rb8 23. Bd3 Nf6 24. Rfe1 Nfd7 25. Bf5 Rb4 26. Be6+ Kh8 27. Ne4 Rxc4 28. Qb3
Rb4 29. Qc2 Nb6 30. Ba3 Ra4 31. Bc1 Rc4 32. Qb3 Rb4 33. Qc2 Nbc4 34. Nxc5 dxc5
35. Re4 Nd6 36. Rxb4 cxb4 37. Bb2 Ndc4 38. Bxe5 Nxe5 39. d6 Qb6+ 40. Kh1 Rd8 41.
h3 Bf6 42. Qf5 Kg7 43. d7 a5 44. Re1 Qd6 45. Kh2 a4 0-1

[Event "AUTO-MASTER-663"]
[Site "http://www.queenalice.com/game.php?id=493389"]
[Date "2008.11.14"]
[Round "1"]
[White "mandaragit"]
[Black "Ze_Pereira"]
[Result "1-0"]
[WhiteElo "2286"]
[BlackElo "1953"]

1. d4 Nf6 2. c4 g6 3. Nc3 Bg7 4. e4 d6 5. Nf3 O-O 6. Be2 e5 7. O-O Nc6 8. d5 Ne7
9. Nd2 Nd7 10. b4 f5 11. c5 dxc5 12. bxc5 Nxc5 13. Ba3 b6 14. Bxc5 bxc5 15. f3
Bd7 16. Qb3 Kh8 17. Qa3 Nc8 18. Qxc5 Nd6 19. Nb3 a6 20. Na5 fxe4 21. fxe4 Rf4
22. Bd3 Bf8 23. Qe3 Bh6 24. Qe2 Qb8 25. Rxf4 Bxf4 26. Nb3 Qa7+ 27. Kh1 c6 28.
Rf1 Rf8 29. Bxa6 cxd5 30. exd5 Bg4 31. Qxg4 Qxa6 32. Qe2 Qxe2 33. Nxe2 Bh6 34.
Rxf8+ Bxf8 35. Kg1 Nc4 36. Kf2 Nb6 37. Ke3 Nxd5+ 38. Ke4 Nb4 39. a4 Nc6 40. Kd5
Nd4 41. Nexd4 exd4 42. Nxd4 Bb4 43. Nc6 Bd2 44. a5 Bxa5 45. Nxa5 Kg7 46. Ke5 1-0

[Event "AUTO-MASTER-663"]
[Site "http://www.queenalice.com/game.php?id=493390"]
[Date "2008.11.14"]
[Round "1"]
[White "Ze_Pereira"]
[Black "bobesponja"]
[Result "0-1"]
[WhiteElo "1951"]
[BlackElo "2067"]

1. d4 Nf6 2. c4 g6 3. Nc3 d5 4. cxd5 Nxd5 5. e4 Nxc3 6. bxc3 Bg7 7. Bc4 c5 8.
Ne2 Qa5 9. O-O O-O 10. Be3 cxd4 11. cxd4 e6 12. Qc2 Nc6 13. Rab1 Rd8 14. Rfd1
Rd7 15. d5 exd5 16. exd5 Ne5 17. Rb5 Qc7 18. Rc5 Qd8 0-1

[Event "AUTO-MASTER-663"]
[Site "http://www.queenalice.com/game.php?id=493391"]
[Date "2008.11.14"]
[Round "1"]
[White "bobesponja"]
[Black "Ze_Pereira"]
[Result "1-0"]
[WhiteElo "2055"]
[BlackElo "1963"]

1. e4 c6 2. d4 d5 3. Nd2 dxe4 4. Nxe4 Nd7 5. Ng5 Ngf6 6. Bc4 e6 7. Qe2 Nb6 8.
N1f3 Nxc4 9. Qxc4 Bd6 10. Ne5 Bxe5 11. dxe5 Nd5 12. O-O O-O 13. Qg4 b6 14. c4
Ne7 15. Be3 Qc7 16. f4 Bb7 17. Ne4 Ng6 18. h4 Qe7 19. h5 Qh4 20. Qxh4 1-0